Transfery Lecha w zimowym okienku transferowym 2020/2021. - Statystyki

Ogólne statystyki
  • Ten quiz został rozwiązany 30 razy
  • Średni wynik to 4 z 5
Statystyki odpowiedzi
Cena Pozycja Poprzedni klub Piłkarz % Poprawnych
Za darmo Środkowy obrońca Spal Salamon
97%
800 tys Defensywny pomocnik Djurgarden Karlstrom
86%
500 tys Środkowy obrońca Anderlecht Milic
83%
Za darmo Środkowy napastnik Hammarby Johannsson
79%
Za darmo Defensywny pomocnik Tobył Kostanaj Kvekveskiri
59%
Nie znaleziono quizów pasujących do podanych kryteriów
Rozkład punktacji
Procent ludzi z każdym wynikiem
Percentyl według liczby udzielonych odpowiedzi
Twoja historia wyników
Nie rozwiązałeś tego quizu